Крик немой горы : (Record no. 293368)
[ view plain ]
| 000 -LEADER | |
|---|---|
| fixed length control field | 00781nam a2200193 u 4500 |
| 001 - CONTROL NUMBER | |
| control field | 000808759 |
| 003 - CONTROL NUMBER IDENTIFIER | |
| control field | AM-YeHGA |
| 005 - DATE AND TIME OF LATEST TRANSACTION | |
| control field | 20250618073925.0 |
| 008 - FIXED-LENGTH DATA ELEMENTS--GENERAL INFORMATION | |
| fixed length control field | 110510s1982 ru c r 000 0 rus d |
| 040 ## - CATALOGING SOURCE | |
| Original cataloging agency | AM-YeHGA |
| 041 1# - LANGUAGE CODE | |
| Language code of text/sound track or separate title | rus |
| Language code of original | arm |
| 090 ## - LOCALLY ASSIGNED LC-TYPE CALL NUMBER (OCLC); LOCAL CALL NUMBER (RLIN) | |
| -- | 295053 |
| 100 1# - MAIN ENTRY--PERSONAL NAME | |
| Personal name | Պետրոսյան, Վարդգես Համազասպի, |
| Dates associated with a name | 1932-1994 |
| 9 (RLIN) | 1431 |
| 245 10 - TITLE STATEMENT | |
| Title | Крик немой горы : |
| Remainder of title | Роман, повесть, рассказы / |
| Statement of responsibility, etc. | В.А. Петросян ; Пер. с арм. А. Тер-Акопян. |
| 260 ## - PUBLICATION, DISTRIBUTION, ETC. | |
| Place of publication, distribution, etc. | Москва : |
| Name of publisher, distributor, etc. | Советский писатель, |
| Date of publication, distribution, etc. | 1982. |
| 300 ## - PHYSICAL DESCRIPTION | |
| Extent | 352 с. : |
| Other physical details | портр. |
| 650 14 - SUBJECT ADDED ENTRY--TOPICAL TERM | |
| Topical term or geographic name entry element | Армянская советская проза |
| 700 1# - ADDED ENTRY--PERSONAL NAME | |
| Personal name | Տեր-Հակոբյան, Ալլա Կոնստանտինի, |
| Dates associated with a name | 1940- |
| Relationship | trl |
| 9 (RLIN) | 2829 |
| Withdrawn status | Lost status | Damaged status | Not for loan | Collection | Home library | Current library | Date acquired | Total checkouts | Full call number | Barcode | Date last seen | Price effective from | Koha item type | Public note |
|---|---|---|---|---|---|---|---|---|---|---|---|---|---|---|
| General | Fundamental Scientific Library | Fundamental Scientific Library | 29/12/2016 | PII/477269 | FL0289488 | 29/12/2016 | 29/12/2016 | Գրքեր / Books | 30 Days Loan | |||||
| General | Fundamental Scientific Library | Fundamental Scientific Library | 29/12/2016 | PII/478468 | FL0287371 | 29/12/2016 | 29/12/2016 | Գրքեր / Books | 30 Days Loan |
ՀՀ Գիտությունների ազգային ակադեմիայի հիմնարար գիտական գրադարան = Fundamental Scientific Library of NAS RA
All site content, except where otherwise noted, is licensed under a